Daně I : daň z příjmů fyzických osob pro zdaňovací období 1999 /

Hlavní autor: Polák, Michal, 1969-
Korporativní autor: Vysoké učení technické v Brně. Podnikatelská fakulta
Jazyk: Čeština
Vydáno: Brno : PC-DIR Real, 1999
Vydání: Vyd. 1.
Edice: Studijní text pro studium BA Hons
Témata:
Fyzický popis: 86 s. ; 21 cm
Knihy
Uloženo v:
LEADER 01265nam a2200361 a 4500
001 000439577
003 CZ BrMZK
005 20080423080217.0
007 ta
008 990315s1999 xr e p cze d
015 |a cnb000739744 
020 |a 80-214-1386-7 
035 |a (OCoLC)42976523 
040 |a BOA001  |b cze 
043 |a e-xr--- 
080 |a 336.226.11  |2 MRF 
080 |a 351.72  |2 MRF 
080 |a (437.3)  |2 MRF 
080 |a (075.8)  |2 MRF 
100 1 |a Polák, Michal,  |d 1969-  |7 jn20001227538  |4 aut 
245 1 0 |a Daně I :  |b daň z příjmů fyzických osob pro zdaňovací období 1999 /  |c Michal Polák 
250 |a Vyd. 1. 
260 |a Brno :  |b PC-DIR Real,  |c 1999 
300 |a 86 s. ;  |c 21 cm 
490 1 |a Studijní text pro studium BA Hons 
500 |a Určeno pro posl. fak. podnikatelské VUT v Brně. - Bibliogr. 
650 0 7 |a daň z příjmů fyzických osob  |7 ph119340  |z Česko  |2 czenas 
655 7 |a učebnice vysokých škol  |7 fd133772  |2 czenas 
710 2 |a Vysoké učení technické v Brně.  |b Podnikatelská fakulta  |7 kn20010709420 
830 0 |a Studijní text pro studium BA Hons 
910 |a BOA001  |b 2-1063.947 
990 |a BK 
996 6 |b 2610101464  |c 2-1063.947  |l MZK  |r Sklad / do 1 hodiny  |n 2  |p p.v.  |w 000439577  |u 000010  |a 1  |e BOA001  |j MZK50  |s P